Missing Word: Jurassic Park Cast Quiz Stats

 Plays Quiz Updated Jun 12, 2015

Challenge
Share
Tweet
Embed
Score 0/24 Timer 04:00
0 Plays Today
% Correct
Story
97.8%
Day
97.5%
Snakes
95.3%
Hunt
93.9%
Miracle
92.4%
Body
91.7%
Basic
89.1%
Revenge
88.5%
Jungle
85.2%
Budapest
82%
Fault
77%
Vengeance
76.1%
% Correct
Bridge
76%
Life
76%
Blue
73.2%
Brown
67.3%
Escape
56.9%
Sky
55%
Jam
53.3%
Rat
49.2%
Rose
41.7%
Event
40.8%
Plan
31%
Rock
21.7%

Today's Daily Dose

Missing Word
Hayao Miyazaki

Word Ladder
Florida

On This Day
December 13th II

You're not logged in!

Compare scores with friends on all Sporcle quizzes.
OR
Log In

You Might Also Like...

Show Comments

Extras

Top Quizzes Today


Score Distribution

Your Account Isn't Verified!

In order to create a playlist on Sporcle, you need to verify the email address you used during registration. Go to your Sporcle Settings to finish the process.

Report this User

Report this user for behavior that violates our Community Guidelines.

Details: